000 01262nam a2200277 i 4500
003 DO-SdBNP
005 20250626112309.0
007 ta
008 240506e2001 dr adc|| |||| 00| 0 spa d
040 _aDO-SdBNP
_bspa
_cBNPHU
_erda
082 4 _222
_bO83m
100 _aOspina M., Luz Yaneth
_eautora
_985392
245 1 0 _aMatemática nuevo milenio 3:
_bnivel medio /
_cLus Yneth Ospina M., Victor Encarnación, Ramón Santiago Abréu; fotomecánica y montaje, Luis Arias, P. Antonio Báez.
264 1 _a[Santo Domingo] :
_bSusaeta,
_c2001
300 _a243 páginas :
_bilustraciones, gráficas, retratos ;
_c26 cm.
336 _2rdacontent
_atexto
_btxt
337 _2rdamedia
_asin mediación
_bn
338 _2rdacarrier
_avolumen
_bnc
505 _aExploración y Sensibilización.
_gUnidad 1. Consideraciones algebráicas.
_tÁlgebra.--
_gUnidad 2. Acerca de las Cónicas.
_tCónicas.--
_gUnidad 3. Funciones elementales.
_tFunciones elementales.--
_gUnidad 4. Consideraciones geométricas.
_tGeometría.
590 _aInventariado 2024 / MF
700 1 _aEncarnación, Víctor,
_eautor
_985393
700 1 _aSantiago Abreu, Ramón,
_929783
_eautor
700 1 _aArias, Luis,
_932023
_eilustrador
700 1 _aBáez, Antonio,
_964138
_eilustrador
942 _2ddc
_cLBS1
999 _c56615
_d56615